| 000 | 00615nam a22001937a 4500 | ||
|---|---|---|---|
| 999 |
_c11715 _d11715 |
||
| 003 | AR-CdUCM | ||
| 008 | 190404b ||||| |||| 00| 0 eng d | ||
| 040 |
_aMUNICIPALIDAD PROVINCIAL DEL CUSCO _cBIBLIOTECA MUNICIPAL DEL CUSCO |
||
| 082 |
_aC / 327.19 / _bA71 / 1935 |
||
| 100 |
_aArís, Julio T. _929206 |
||
| 245 | _aLa bandera de América / | ||
| 260 |
_aSalto [Uruguay : _bGráf. Margall, _c1948. |
||
| 300 |
_a96 paginas ; _c19 cm. |
||
| 505 | _aContenido :Bandera Americana / | ||
| 650 |
_aRelaciones internacionales _93395 |
||
| 650 |
_aPolítica exterior _94556 |
||
| 942 |
_2ddc _cLIBROS |
||
| 945 | _arjall | ||